000
00299nam a2200145Ia 4500
100
_a
Reese/George
942
_c
BK
366
_f
20
245
_a
Cloud application architecture
260
_b
Oreilly
_c
2010
082
_a
4.65
_b
REE
300
_a
189
546
_a
ENGLISH
_c
Computers
999
_c
26933
_d
26933